000 00940nam a22003017a 4500
003 CHAP
005 20220329134304.0
008 971013s1965 r 00010 d
010 _a18167
011 _a19139
035 _a23224
040 _cCHAP
082 _a595.7072
_bD4 1965
100 0 0 _aDennis, Clifford J.
_931803
245 _aLaboratory manual foor introductory entomology
250 _a2 ed.
260 _aDubuque, Iowa :
_bWm. C. Brown,
_c1965
300 _a92 p.
_b: ilus.
590 _aBATCH-UPD
_b10
_c20130110
_lUCH01
_h0053
590 _aBATCH-UPD
_b10
_c20130110
_lUCH01
_h2237
590 _aBATCH-UPD
_b10
_c20130410
_lUCH01
_h1532
590 _aBATCH-UPD
_b10
_c20130914
_lUCH01
_h1141
590 _aCONVERSION
_b10
_c20130109
_lUCH01
_h1311
650 1 4 _aEntomología
_xManuales de laboratorio.
_937133
901 _aBK
942 _cLIBRO
949 _a595.7072 D4 1965
_bBC
_cLIBRO
_d33724000370094
_eLIBRO
_h12608
_i23224
_si
999 _c18167
_d18167